The power of critical thinking : effective reasoning about ordinary and extraordinary claims, 7/e
Saved in:
| Main Author: | |
|---|---|
| Format: | Book |
| Language: | English |
| Tags: |
Add Tag
No Tags, Be the first to tag this record!
|
| Call Number : |
MARC
| LEADER | 00000nam a2200000 a 4500 | ||
|---|---|---|---|
| 001 | 89204 | ||
| 003 | MY-KLNDU | ||
| 005 | 20241219044712.0 | ||
| 008 | 210721 000 0 eng d | ||
| 020 | |a 9780197605370 | ||
| 039 | 9 | |y 202107211417 |z dewi | |
| 040 | |a UPNM |b eng |c UPNM |e rda | ||
| 100 | 1 | |a Vaughn,L. | |
| 245 | 1 | |a The power of critical thinking : effective reasoning about ordinary and extraordinary claims, 7/e | |
| 336 | |a text |2 rdacontent | ||
| 337 | |a unmediated |2 rdamedia | ||
| 338 | |a volume |2 rdacarrier | ||
| 999 | |a vtls000100237 |c 89204 |d 89204 | ||


